Giáo dục Thăng Long - Hà Nội quá trình kinh nghiệm lịch sử và định hướng phát triển

Bộ sách phản ánh kết quả nghiên cứu chương trình khoa học cấp Nhà nước, mã số KX.09 " Nghiên cứu phát huy điều kiện tự nhiên, kinh tế, xã hội và giá trị lịch sử - văn hoá, phục vụ phát triển toàn diện thủ đô" được khởi nguồn...

全面介紹

Đã lưu trong:
書目詳細資料
主要作者: Nguyễn, Hải Kế
格式: 圖書
語言:Undetermined
出版: Hà Nội Nhà xuất bản Hà Nội 2010
主題:
標簽: 添加標簽
沒有標簽, 成為第一個標記此記錄!
Thư viện lưu trữ: Trung tâm Học liệu Trường Đại học Cần Thơ
LEADER 01223nam a2200205Ia 4500
001 CTU_164438
008 210402s9999 xx 000 0 und d
082 |a 370.959731 
082 |b K250 
100 |a Nguyễn, Hải Kế 
245 0 |a Giáo dục Thăng Long - Hà Nội quá trình kinh nghiệm lịch sử và định hướng phát triển 
245 0 |c Nguyễn Hải Kế (Chủ biên) 
260 |a Hà Nội 
260 |b Nhà xuất bản Hà Nội 
260 |c 2010 
520 |a Bộ sách phản ánh kết quả nghiên cứu chương trình khoa học cấp Nhà nước, mã số KX.09 " Nghiên cứu phát huy điều kiện tự nhiên, kinh tế, xã hội và giá trị lịch sử - văn hoá, phục vụ phát triển toàn diện thủ đô" được khởi nguồn từ tư tưởng chỉ đạo tầm nhìn xa của Lãnh đạo Đảng, Nhà nước. 
650 |a Education,Education and state,Giáo dục,Giáo dục và Nhà nước 
650 |z Vietnam,Vietnam,Việt Nam,Việt Nam 
904 |i NThơ 
980 |a Trung tâm Học liệu Trường Đại học Cần Thơ